El renegar de la escuela: desinterés, apatía, aburrimiento, violencia e indisciplina
Պահպանված է:
| Հիմնական հեղինակներ: | , |
|---|---|
| Ձևաչափ: | Գիրք |
| Լեզու: | իսպաներեն |
| Հրապարակվել է: |
Rosario
Homo Sapiens
2000
|
| Խորագրեր: | |
| Ցուցիչներ: |
Ավելացրեք ցուցիչ
Չկան պիտակներ, Եղեք առաջինը, ով նշում է այս գրառումը!
|
MARC
| LEADER | 00000nam a2200000 a 4500 | ||
|---|---|---|---|
| 001 | UCK5678 | ||
| 003 | CL-VaPUC | ||
| 008 | 050819e20000000AG |||||||||||||||||spa|d | ||
| 020 | |a 9508082690 | ||
| 082 | 0 | 4 | |a 370.153 |b ANT |2 21 |
| 100 | 0 | |a Antelo, Estanislao |e author |9 494584 | |
| 700 | 0 | |a Abramowski, Ana Laura |e author |9 494585 | |
| 245 | 1 | 3 | |a El renegar de la escuela: desinterés, apatía, aburrimiento, violencia e indisciplina |
| 300 | |a 184 p | ||
| 942 | |c BK | ||
| 945 | |d 20050819 00:00:00 |a cmena | ||
| 260 | |a Rosario |b Homo Sapiens |c 2000 | ||
| 650 | 0 | |a Motivación |9 315362 | |
| 650 | 0 | |a Psicología educacional |9 307830 | |
| 650 | 0 | |a Rol del docente |9 329733 | |
| 650 | 0 | |a Disciplina escolar |9 271077 | |
| 650 | 0 | |a Violencia escolar |9 453211 | |
| 650 | 0 | |a Métodos de enseñanza |9 270413 | |
| 583 | |a last modification |c 20050819 00:00:00 |k Rodrigo Vera | ||
| 999 | |c 314174 |d 314172 | ||
| 952 | |0 0 |1 0 |4 0 |6 370_153000000000000_ANT_2000 |7 0 |8 A |9 386168 |a BIBEDU |b BIBEDU |d 2019-11-22 |i 4156005 |o 370.153 ANT 2000 |p 4156005 |r 2019-11-22 |w 2019-11-22 |y BK |k FIL | ||